| 000 | 01530nam0a22003611 4500 | ||
|---|---|---|---|
| 001 | v19\rc\1760063 | ||
| 005 | 20260405170851.0 | ||
| 035 | _a(NLR Aleph) 005249308 | ||
| 090 |
_a5787052 _c5787052 |
||
| 100 | _a20061204d1903 |||y0rusy50 ca | ||
| 101 | 0 | _arus | |
| 102 | _aRU | ||
| 105 | _ay z |||c| | ||
| 135 | _acoco 024aaaaa | ||
| 200 | 1 |
_aЖизнь одесских приказчиков _eОчерки _fКармен |
|
| 210 |
_aОдесса _cтип. Гальперина и Швейцера _dценз. 1903 |
||
| 215 |
_a48 с. _d18 |
||
| 300 | _aЭл.копия создана на основе экземпляра РГБ | ||
| 325 | _aКопия доступна в Электрон. б-ке РНБ http://vivaldi.nlr.ru/bx000005827/view | ||
| 327 | 0 | _aСодержание: Хозяин; Хозяйка; Пикник | |
| 464 | 0 |
_12001#$aХозяин$aХозяйка$aПикник _tПикник |
|
| 532 | 1 | 3 | _aЖизнь одесских приказчиков |
| 700 | 1 |
_8rus _7ca _aКармен _bЛ. О. _f1876-1920 _gЛазарь Осипович _3RU\NLR\AUTH\7772596 _955524 |
|
| 801 | 2 |
_aRU _bNLR _c20090322 _2rusmarc |
|
| 801 | 0 |
_aRU _bNLR _c20061204 _gpsbo |
|
| 801 | 0 |
_aRU _bRuMoRGB _c20061204 _2psbo |
|
| 801 | 1 |
_aRU _bProSoft-M _c20061204 _2rusmarc |
|
| 852 |
_aNLR _j34.83.4.708 |
||
| 942 | _cBOOK | ||
| 980 | _aNB | ||
| 981 | 3 | 3 |
_a(33) Художественная литература _b(33) Отечественная литература |